| 000 | 01168 a2200253 4500 | ||
|---|---|---|---|
| 999 |
_c10495 _d10495 |
||
| 020 | _a9781107053977 (hardback) | ||
| 050 | 0 | 0 | _aBP173.7 MIR 2014 |
| 100 | 1 |
_aMirsepassi, Ali, _eauthor. |
|
| 245 | 1 | 0 |
_aIslam, democracy, and cosmopolitanism : _bat home and in the world / _cAli Mirsepassi and Tadd Graham Ferně. |
| 264 | 1 |
_aNew York, NY : _bCambridge University Press, _c2014. |
|
| 300 | _aviii, 225 pages ; | ||
| 500 | _aIncludes bibliographical references (pages 209-216) and index. | ||
| 504 | _aIncludes bibliographical references (pages 209-216) and index. | ||
| 650 | 0 | _aIslam and politics. | |
| 650 | 0 | _aIslam and civil society. | |
| 650 | 0 |
_aCitizenship _xReligious aspects _xIslam. |
|
| 650 | 0 |
_aDemocracy _xReligious aspects _xIslam. |
|
| 650 | 0 |
_aGlobalization _xReligious aspects _xIslam. |
|
| 650 | 7 | _aPOLITICAL SCIENCE / Government / International. | |
| 700 | 1 |
_aFerně, Tadd Graham, _d1971- _eauthor. |
|
| 856 | 4 | 2 |
_3Cover image _uhttp://assets.cambridge.org/97811070/53977/cover/9781107053977.jpg |
| 942 |
_2lcc _cBK _h173.7 _iMIR _kBP |
||